书目信息 |
| 题名: |
德语常用词组大全
|
|
| 作者: | 熊方武 主编 | |
| 分册: | ||
| 出版信息: | 北京 外语教学与研究出版社 2004.11 |
|
| 页数: | 582页 | |
| 开本: | 21cm | |
| 丛书名: | ||
| 单 册: | ||
| 中图分类: | H334-61 | |
| 科图分类: | ||
| 主题词: | 德语--de yu--短语 | |
| 电子资源: | ||
| ISBN: | 7-5600-2168-9 | |
| 000 | 00901nam0 2200229 450 | |
| 001 | 012006032978 | |
| 005 | 20060313112425.79 | |
| 010 | @a7-5600-2168-9@dCNY26.90 | |
| 100 | @a20060313d2004 km y0chiy0120 ea | |
| 101 | 0 | @achi@ager |
| 102 | @aCN@b110000 | |
| 105 | @ay z 000yy | |
| 200 | 1 | @a德语常用词组大全@Ade yu chang yong ci zu da quan@d= Die Haufigen Deutsch-Chinesischen Redewendungen@f熊方武主编@Fxiong fang wu zhu bian@zger |
| 210 | @a北京@c外语教学与研究出版社@d2004.11 | |
| 215 | @a582页@d21cm | |
| 330 | @a本书收录最常用的德语词组1.2万余条,内容丰富,涵盖文、理、科技等诸多领域,词组结构严谨规范,排列顺序合理,便于记忆学习,词组释义简明、确切、实用。 | |
| 510 | 1 | @aDie Haufigen Deutsch-Chinesischen Redewendungen@zger |
| 606 | 0 | @a德语@Ade yu@x短语 |
| 690 | @aH334-61@v4 | |
| 701 | 0 | @a熊方武@Axiong fang wu@4主编 |
| 801 | 0 | @aCN@bQSSK@c20060313 |
| 905 | @a10447@dH334-61@eX637 | |
| 德语常用词组大全= Die Haufigen Deutsch-Chinesischen Redewendungen/熊方武主编.-北京:外语教学与研究出版社,2004.11 |
| 582页;21cm |
| ISBN 7-5600-2168-9:CNY26.90 |
| 本书收录最常用的德语词组1.2万余条,内容丰富,涵盖文、理、科技等诸多领域,词组结构严谨规范,排列顺序合理,便于记忆学习,词组释义简明、确切、实用。 |
| ● |
| 相关链接 |
|
|
|
正题名:德语常用词组大全
索取号:H334-61/X637
 
预约/预借
| 序号 | 登录号 | 条形码 | 馆藏地/架位号 | 状态 | 备注 |
| 1 | 555678 | 205556780 | 语言库209/209语言库 119排2列2层/ [索取号:H334-61/X637] | 在馆 | |
| 2 | 555679 | 205556799 | 语言库209/209语言库 119排2列2层/ [索取号:H334-61/X637] | 在馆 | |
| 3 | 555680 | 205556806 | 语言库209/209语言库 119排2列2层/ [索取号:H334-61/X637] | 在馆 |